00407nam a2200121Ia 45000010005000000080041000050820028000461000066000742450049001402600054001899010027002439990015002701982241024s9999 xx 000 0 und d aRD/372.97293/R426m/2009 aRepública Dominicana. Secretaría de Estado de Educación 0aMemorias del período Agosto-Diciembre 2009 bDirección General de Educación Básicac2009 a6/10/2011 9:59:40 a.m. c8615d8615